000 00306nam a22001337a 4500
020 _a0-19-565853-1
082 _a510
_bROY/M
100 _aA.K.ROY
245 _aM,ATHEMATICS CBSE
_bCLASS IX
260 _aCHENNAI
_bOXFORD UNIVERSITY PRESS
300 _a367
650 _aMATHS FOR CLASS IX
_zINDIA
942 _cBK
999 _c881
_d881